[Event "Marseille op 2nd "]
[Site "Marseille"]
[Date "2009.12.29"]
[Round "7"]
[White "Loysel, Yves"]
[Black "Lubrano, Bernard"]
[Result "1-0"]
[WhiteElo "1782"]
[BlackElo "1604"]
[PlyCount "109"]
[EventDate "2009.12.26"]
[EventType "swiss"]
[EventRounds "9"]
[EventCountry "FRA"]
[SourceTitle "CBM 134 Extra"]
[Source "ChessBase"]
[SourceDate "2010.03.03"]
[SourceVersion "1"]
[SourceVersionDate "2010.03.03"]
[SourceQuality "1"]

1. e4 e5 2. Nf3 Nc6 3. Bc4 Nf6 4. Ng5 d5 5. exd5 Nxd5 6. Nxf7 Kxf7 7. Qf3+ Ke6 8. Nc3 Ncb4 9. Qe4 c6 10. a3 Na6 11. d4 Bd6 12. Nxd5 cxd5 13. Qxd5+ Kd7 14. Bxa6 Qb6 15. Qb5+ Qxb5 16. Bxb5+ Kc7 17. dxe5 Bxe5 18. 0-0 Bf5 19. Re1 Bf6 20. Bf4+ Kb6 21. Ba4 Rac8 22. Be3+ Ka5 23. Bb3 Rhd8 24. c3 Rd7 25. Bd1 Rcd8 26. b4+ Kb5 27. c4+ Kxc4 28. Rc1+ Bc3 29. Ba4 b5 30. Bxb5+ Kxb5 31. Rxc3 Rd1 32. Rc1 Rxe1+ 33. Rxe1 a6 34. h4 Rd3 35. Bg5 g6 36. Re5+ Kb6 37. Be3+ Kc6 38. Rc5+ Kb7 39. a4 Rb3 40. b5 axb5 41. Rxb5+ Rxb5 42. axb5 h5 43. Kh2 Kc7 44. Kg3 Kd7 45. Kf4 Ke7 46. b6 Kd7 47. f3 Kc6 48. g4 hxg4 49. fxg4 Bd3 50. h5 gxh5 51. gxh5 Kd7 52. h6 Bh7 53. Ke5 Bd3 54. Kf6 Be4 55. Kg7 1-0

[Event "Marseille op 2nd "]
[Site "Marseille"]
[Date "2009.12.27"]
[Round "3"]
[White "Colandrea, Sauveur"]
[Black "Lubrano, Bernard"]
[Result "0-1"]
[WhiteElo "1870"]
[BlackElo "1604"]
[PlyCount "42"]
[EventDate "2009.12.26"]
[EventType "swiss"]
[EventRounds "9"]
[EventCountry "FRA"]
[SourceTitle "CBM 134 Extra"]
[Source "ChessBase"]
[SourceDate "2010.03.03"]
[SourceVersion "1"]
[SourceVersionDate "2010.03.03"]
[SourceQuality "1"]

1. e4 e5 2. Nf3 Nc6 3. Bc4 Nf6 4. d3 d5 5. exd5 Nxd5 6. 0-0 Bg4 7. Nc3 Nxc3 8. bxc3 Bd6 9. Bxf7+ Kxf7 10. Bg5 Qd7 11. h3 Be6 12. d4 exd4 13. cxd4 Bd5 14. c4 Bxc4 15. Re1 Qf5 16. Be3 Rhf8 17. Nh4 Qf6 18. Qc2 Bd5 19. Nf5 Kg8 20. g4 Rae8 21. Nxd6 Qf3 0-1

[Event "Marseille op 2nd "]
[Site "Marseille"]
[Date "2009.12.26"]
[Round "2"]
[White "Lubrano, Bernard"]
[Black "Lellouche, Franck"]
[Result "1-0"]
[WhiteElo "1604"]
[BlackElo "1150"]
[PlyCount "89"]
[EventDate "2009.12.26"]
[EventType "swiss"]
[EventRounds "9"]
[EventCountry "FRA"]
[SourceTitle "CBM 134 Extra"]
[Source "ChessBase"]
[SourceDate "2010.03.03"]
[SourceVersion "1"]
[SourceVersionDate "2010.03.03"]
[SourceQuality "1"]

1. e4 c6 2. d4 d5 3. Nc3 dxe4 4. Nxe4 Nd7 5. Nf3 Ngf6 6. Bd3 Nxe4 7. Bxe4 Nf6 8. Bd3 e6 9. 0-0 Be7 10. c3 g6 11. Ne5 0-0 12. Bh6 b6 13. Nxc6 Qd7 14. Nxe7+ Qxe7 15. Bxf8 Qxf8 16. Qf3 Rb8 17. Qxf6 Bb7 18. Rfe1 Re8 19. Be4 Bxe4 20. Rxe4 a5 21. Rae1 Qg7 22. Qxg7+ Kxg7 23. d5 Rf8 24. dxe6 fxe6 25. Rxe6 b5 26. Rb6 Rf5 27. g3 a4 28. Re7+ Rf7 29. Rxf7+ Kxf7 30. Rxb5 h6 31. Ra5 g5 32. Rxa4 Kg6 33. b4 Kf6 34. Ra6+ Ke7 35. Rxh6 g4 36. a4 Kd7 37. a5 Kc7 38. b5 Kb7 39. c4 Ka7 40. c5 Kb7 41. Rb6+ Ka7 42. c6 Ka8 43. Ra6+ Kb8 44. b6 Kc8 45. Ra8# 1-0